000 01149cab a22002415a 4500
001 L159309
008 160726e2016 xxk 000 0 eng d
035 _a(Sirsi) u159309
041 0 _aeng
100 1 _aThompson, Adrian
245 0 0 _aTorts (Interference with Goods) Act 1977
260 _c2016
490 _aLetting Update Journal
_v24(2) July 2016, 12-14(30
520 _aExplains the law and guidance around abandoned goods left by tenants set out in Torts (Interference with Goods) Act 1977. Highlights factors such as interference with goods, tenancy agreement goods, giving tenants the opportunity to collect goods, rights of landlord and agents to sell goods, timescale, correct notices to serve and dealing with proceeds of sale. Defines what is right and reasonable with reference to "Da Rocha-Afodu v Mortgage Express Ltd" 2014 EWCA Div 454.
590 _aKA
650 2 4 _aTORTS (INTERFERENCE WITH GOODS) ACT 1977
650 2 4 _aABANDONED GOODS
650 2 4 _aDA ROCHA-AFODU V MORTGAGE EXPRESS LTD
651 4 _aUnited Kingdom
_y
690 _aLandlord and tenant
_96252
690 _aProperty management
_96262
942 _n0
999 _c84865
_d84865